Eurovision Song Contest Winners Country - Extreme - Statistics

General Stats
  • This quiz has been taken 1,950 times
    1,777 since last reset
  • The average score is 52 of 67
Answer Stats
Year Winner Country % Correct
2019 Netherlands
92%
1956 Switzerland
92%
2014 Austria
91%
2018 Israel
91%
2009 Norway
90%
2012 Sweden
90%
2015 Sweden
90%
2013 Denmark
89%
2006 Finland
89%
2010 Germany
89%
2017 Portugal
89%
2016 Ukraine
89%
2011 Azerbaijan
88%
2008 Russia
86%
2007 Serbia
86%
2005 Greece
85%
2004 Ukraine
85%
2000 Denmark
84%
2001 Estonia
84%
2002 Latvia
84%
1958 France
83%
2003 Turkey
83%
1993 Ireland
82%
1994 Ireland
82%
1992 Ireland
81%
1999 Sweden
81%
1957 Netherlands
80%
1974 Sweden
80%
1997 United Kingdom
80%
1998 Israel
79%
1969 United Kingdom
79%
1996 Ireland
78%
1969 Spain
78%
1960 France
76%
1969 France
74%
1959 Netherlands
74%
1995 Norway
74%
1987 Ireland
73%
1961 Luxembourg
73%
1969 Netherlands
73%
1968 Spain
73%
1967 United Kingdom
73%
1962 France
72%
1990 Italy
72%
1991 Sweden
72%
1980 Ireland
71%
1978 Israel
71%
1979 Israel
71%
1988 Switzerland
71%
1982 Germany
70%
1970 Ireland
70%
1976 United Kingdom
70%
1989 Yugoslavia
70%
1964 Italy
69%
1981 United Kingdom
69%
1965 Luxembourg
68%
1986 Belgium
67%
1963 Denmark
67%
1972 Luxembourg
67%
1984 Sweden
67%
1977 France
66%
1971 Monaco
66%
1975 Netherlands
66%
1973 Luxembourg
65%
1985 Norway
65%
1966 Austria
64%
1983 Luxembourg
61%
No matching quizzes found
Score Distribution
Percent of People with Each Score
Percentile by Number Answered
Your Score History
You have not taken this quiz since the last reset